| 000 | 00707cab a2200181 4500 | ||
|---|---|---|---|
| 001 | L130227 | ||
| 008 | 050704n2005 000 0 eng u | ||
| 035 | _a(Sirsi) u130227 | ||
| 041 | _aeng | ||
| 245 | _aAccess and scaffolding | ||
| 260 | _c2005 | ||
| 490 |
_aContract Journal _v429(6531) 21-29(8) |
||
| 520 | _aSpecial report on access and scaffolding. Includes reports on the Work at Height Regulations 2005, changes to edge protection standards and an analysis of the ongoing facelift of St Paul's Cathedral which has required an elaborate construction of scaffolding. | ||
| 590 | _aIKA040705 | ||
| 650 | _aWORK AT HEIGHT REGULATIONS 2005 | ||
| 690 |
_aConstruction management _96230 |
||
| 942 | _n0 | ||
| 999 |
_c75505 _d75505 |
||